[Event "Olimpiada Dresden 2008 Femenina"]
[Site "Dresden GER"]
[Date "2008.11.16"]
[Round "4.21"]
[White "Herrera, Milena"]
[Black "Gevorgyan, Irina"]
[Result "0-1"]
[WhiteElo "2070"]
[BlackElo "2179"]
[PlyCount "130"]
[EventDate "2008.11.13"]
[EventType "team-tourn"]
[EventRounds "11"]
[EventCountry "GER"]
[Source "lmi"]
[SourceDate "2008.11.13"]
[WhiteTeam "Colombia"]
[BlackTeam "Uzbekistán"]
[WhiteTeamCountry "COL"]
[BlackTeamCountry "UZB"]

1. e4 c6 2. d4 d5 3. Nc3 dxe4 4. Nxe4 Bf5 5. Ng3 Bg6 6. Nf3 Nd7 7. h4 h6 8. h5
Bh7 9. Bd3 Bxd3 10. Qxd3 Ngf6 11. Bd2 e6 12. O-O-O Be7 13. Ne4 Nxe4 14. Qxe4
Nf6 15. Qe2 Qd5 16. c4 Qe4 17. Qxe4 Nxe4 18. Be3 Nd6 19. Ne5 O-O 20. g4 Rfd8
21. f4 Ne4 22. Rhg1 c5 23. d5 exd5 24. cxd5 Nf6 25. g5 hxg5 26. fxg5 Nxd5 27.
g6 fxg6 28. Nxg6 Bf6 29. Bg5 Kh7 30. Nf8+ Rxf8 31. Rxd5 Bd4 32. Rg2 Rf7 33. Rd6
Raf8 34. Bd2 Rf6 35. Rd7 R8f7 36. Rxf7 Rxf7 37. b3 Rf1+ 38. Kc2 b5 39. a4 bxa4
40. bxa4 Ra1 41. Kb3 Rb1+ 42. Kc4 Rb2 43. Kd3 Ra2 44. a5 Bf6 45. Rg4 Ra3+ 46.
Kc2 Rh3 47. Rc4 Bd4 48. Bf4 Ra3 49. Bd2 a6 50. Bb4 Ra4 51. Kd3 Rxb4 52. Rxb4
cxb4 53. Kxd4 Kh6 54. Kc4 Kxh5 55. Kxb4 g5 56. Kc5 g4 57. Kb6 g3 58. Kxa6 g2
59. Kb7 g1=Q 60. a6 Qb1+ 61. Ka8 Qe4+ 62. Kb8 Qe5+ 63. Kc8 Qa5 64. Kb7 Qb5+ 65.
Ka7 Kg6 0-1

[Event "Olimpiada Dresden 2008 Femenina"]
[Site "Dresden GER"]
[Date "2008.11.16"]
[Round "4.23"]
[White "Topel, Zehra"]
[Black "Pares Vives, Natalia"]
[Result "1/2-1/2"]
[WhiteElo "2214"]
[BlackElo "2299"]
[PlyCount "162"]
[EventDate "2008.11.13"]
[EventType "team-tourn"]
[EventRounds "11"]
[EventCountry "GER"]
[Source "lmi"]
[SourceDate "2008.11.13"]
[WhiteTeam "Turquía"]
[BlackTeam "España"]
[WhiteTeamCountry "TUR"]
[BlackTeamCountry "ESP"]

1. d4 Nf6 2. c4 c5 3. d5 g6 4. Nc3 Bg7 5. e4 d6 6. Bd3 O-O 7. Nge2 e6 8. O-O
exd5 9. cxd5 Re8 10. f3 Nbd7 11. Be3 a6 12. a4 Ne5 13. b3 Qa5 14. Qc2 Bd7 15.
Rfb1 Qc7 16. Bf2 Rab8 17. a5 Nh5 18. Ra2 f5 19. exf5 Nxd3 20. Qxd3 Bxf5 21. Ne4
Qe7 22. b4 c4 23. Qxc4 Rbc8 24. Qb3 Bxe4 25. fxe4 Qxe4 26. b5 Rf8 27. Bb6 Be5
28. bxa6 bxa6 29. Rd1 Rc3 30. Qa4 Rd3 31. Qc2 Rxd1+ 32. Qxd1 Rc8 33. Rd2 Rc4
34. Rd3 Nf4 35. Nxf4 Bxf4 36. Qf1 Rc1 37. Rd1 Rc2 38. Kh1 Be5 39. Bg1 Qe2 40.
Qxe2 Rxe2 41. Bb6 Kg7 42. Kg1 Rc2 43. Be3 Ra2 44. Bb6 h5 45. Rc1 h4 46. Rc7+
Kf6 47. Ra7 Kf5 48. Rxa6 Ke4 49. Ra8 Ra1+ 50. Kf2 Bxh2 51. Re8+ Be5 52. Bd8
Ra2+ 53. Kf1 Kxd5 54. Rg8 Bg3 55. Rxg6 Ke4 56. Bxh4 Bxh4 57. Rxd6 Rxa5 58. Rb6
Ra1+ 59. Ke2 Ra2+ 60. Kf1 Bf2 61. Re6+ Kd3 62. g4 Bd4 63. Re8 Rf2+ 64. Ke1 Rg2
65. Rf8 Rxg4 66. Rf7 Rg1+ 67. Rf1 Bc3+ 68. Kf2 Bd4+ 69. Ke1 Rg8 70. Rf7 Rg2 71.
Rf8 Ra2 72. Kf1 Ra1+ 73. Kg2 Rg1+ 74. Kh3 Be5 75. Ra8 Bf4 76. Re8 Be3 77. Kh4
Ke2 78. Rf8 Bd4 79. Rf4 Be3 80. Rf7 Rg8 81. Kh5 Kd3 1/2-1/2

[Event "Olimpiada Dresden 2008 Femenina"]
[Site "Dresden GER"]
[Date "2008.11.16"]
[Round "4.23"]
[White "Ozturk, Kubra"]
[Black "Delgado Crespo, Mairelys"]
[Result "1/2-1/2"]
[WhiteElo "2254"]
[BlackElo "2277"]
[PlyCount "125"]
[EventDate "2008.11.13"]
[EventType "team-tourn"]
[EventRounds "11"]
[EventCountry "GER"]
[Source "lmi"]
[SourceDate "2008.11.13"]
[WhiteTeam "Turquía"]
[BlackTeam "España"]
[WhiteTeamCountry "TUR"]
[BlackTeamCountry "ESP"]

1. e4 e5 2. Nf3 Nc6 3. Bb5 Nf6 4. O-O Bc5 5. c3 O-O 6. d4 Bb6 7. dxe5 Nxe4 8.
Qd5 Nc5 9. Bg5 Ne7 10. Qd1 Ne4 11. Bh4 d5 12. exd6 Nxd6 13. Bd3 Bf5 14. Na3 Re8
15. Re1 f6 16. Bg3 Bxd3 17. Qxd3 Nef5 18. Bf4 Qd7 19. Qd5+ Qf7 20. Qxf7+ Kxf7
21. g4 g5 22. Bxg5 fxg5 23. gxf5 Kf6 24. Nc2 Nxf5 25. Rxe8 Rxe8 26. Kf1 Re4 27.
Nb4 c6 28. Nd3 g4 29. Nd2 Re7 30. Re1 Rxe1+ 31. Kxe1 Bc7 32. f3 Bxh2 33. fxg4
Ne3 34. Ne4+ Kg6 35. Ndf2 Bg1 36. Ke2 Bxf2 37. Nxf2 Nc4 38. Nd3 Kg5 39. b3 Nd6
40. Kf3 Nb5 41. c4 Nd4+ 42. Kg3 b6 43. Ne5 Kf6 44. Nd3 Kg5 45. Ne5 c5 46. Nd3
Ne2+ 47. Kf3 Nc3 48. Nc1 a5 49. a4 Nb1 50. Kg3 Nd2 51. Kh3 h6 52. Kg3 Nf1+ 53.
Kf2 Nh2 54. Kg3 Nxg4 55. Ne2 Nf6 56. Nc3 Kf5 57. Kf3 Ke5 58. Ne2 Ne4 59. Ke3
Nd6 60. Nc3 Nf5+ 61. Kf2 Nd4 62. Nd5 Nxb3 63. Nxb6 1/2-1/2

[Event "Olimpiada Dresden 2008 Femenina"]
[Site "Dresden GER"]
[Date "2008.11.16"]
[Round "4.23"]
[White "Llaneza Vega, Patricia"]
[Black "Bayrak, Asli"]
[Result "1-0"]
[WhiteElo "2246"]
[BlackElo "2005"]
[PlyCount "85"]
[EventDate "2008.11.13"]
[EventType "team-tourn"]
[EventRounds "11"]
[EventCountry "GER"]
[Source "lmi"]
[SourceDate "2008.11.13"]
[WhiteTeam "España"]
[BlackTeam "Turquía"]
[WhiteTeamCountry "ESP"]
[BlackTeamCountry "TUR"]

1. e4 e5 2. Nf3 Nc6 3. Bb5 a6 4. Ba4 Nf6 5. d3 d6 6. h3 b5 7. Bb3 Na5 8. O-O
Nxb3 9. axb3 Be7 10. Nc3 c6 11. d4 Qc7 12. Re1 O-O 13. Bd2 Bb7 14. Qc1 Rfe8 15.
Bg5 c5 16. d5 Rac8 17. Nd1 c4 18. b4 Nh5 19. Bxe7 Rxe7 20. Ne3 g6 21. Nf5 Rd7
22. Nh6+ Kh8 23. Ng5 Rf8 24. Ra3 Re7 25. Qd1 Bc8 26. Qf3 Kg7 27. Nf5+ Bxf5 28.
exf5 Qb6 29. Rea1 Ra7 30. Ne4 f6 31. fxg6 hxg6 32. Qe3 Rb8 33. Nxd6 Rd7 34.
Rxa6 Qxe3 35. fxe3 Rbd8 36. Ra7 Kh6 37. Rxd7 Rxd7 38. Nxb5 Rxd5 39. Nc3 Rd8 40.
Rd1 Rb8 41. b5 Ng3 42. Kf2 Nf5 43. g4 1-0

[Event "Olimpiada Dresden 2008 Femenina"]
[Site "Dresden GER"]
[Date "2008.11.16"]
[Round "4.24"]
[White "Moser, Eva"]
[Black "Shamima, Akter Liza"]
[Result "1-0"]
[WhiteElo "2376"]
[BlackElo "2094"]
[PlyCount "104"]
[EventDate "2008.11.13"]
[EventType "team-tourn"]
[EventRounds "11"]
[EventCountry "GER"]
[Source "lmi"]
[SourceDate "2008.11.13"]
[WhiteTeam "Austria"]
[BlackTeam "Bangladesh"]
[WhiteTeamCountry "AUT"]
[BlackTeamCountry "BAN"]

1. e4 e5 2. Nf3 Nf6 3. Nxe5 d6 4. Nf3 Nxe4 5. Qe2 Qe7 6. d3 Nf6 7. Bg5 Nbd7 8.
Nc3 Qxe2+ 9. Bxe2 h6 10. Bd2 Nb6 11. O-O-O Bd7 12. Ne4 Be7 13. Bc3 Nbd5 14.
Nxf6+ Bxf6 15. Bxf6 Nxf6 16. Nd2 O-O-O 17. Bf3 Rde8 18. Rde1 Ng4 19. Bxg4 Bxg4
20. Ne4 Kd7 21. Nc3 a5 22. Kd2 c6 23. d4 Bf5 24. f3 f6 25. Nd1 b5 26. a3 Bg6
27. Nf2 c5 28. dxc5 dxc5 29. Nd3 Kc6 30. Nf4 Bf7 31. Rxe8 Rxe8 32. Re1 Rxe1 33.
Kxe1 g5 34. Nd3 Bg6 35. Kd2 Kd5 36. Nf2 h5 37. Nd1 h4 38. g3 Ke5 39. Nf2 Bf5
40. Nd1 Bd7 41. Nf2 Bf5 42. Nd1 hxg3 43. hxg3 g4 44. fxg4 Bxg4 45. Nf2 Bf5 46.
c3 Kd5 47. Ke3 Kc4 48. Kd2 Kb3 49. Kc1 b4 50. axb4 axb4 51. cxb4 Kxb4 52. Nd1
Kb3 1-0

[Event "Olimpiada Dresden 2008 Femenina"]
[Site "Dresden GER"]
[Date "2008.11.16"]
[Round "4.24"]
[White "Khan, Nazrana"]
[Black "Kopinits, Anna-Christina"]
[Result "0-1"]
[WhiteElo "1987"]
[BlackElo "2270"]
[PlyCount "106"]
[EventDate "2008.11.13"]
[EventType "team-tourn"]
[EventRounds "11"]
[EventCountry "GER"]
[Source "lmi"]
[SourceDate "2008.11.13"]
[WhiteTeam "Bangladesh"]
[BlackTeam "Austria"]
[WhiteTeamCountry "BAN"]
[BlackTeamCountry "AUT"]

1. d4 Nf6 2. c4 e6 3. Nf3 b6 4. g3 Ba6 5. b3 Bb4+ 6. Bd2 Be7 7. Nc3 c6 8. Bg2
d5 9. Ne5 Nfd7 10. Nxd7 Nxd7 11. cxd5 cxd5 12. O-O O-O 13. a3 Rc8 14. Na2 Re8
15. Nb4 Bb7 16. Qb1 Bf6 17. e3 a5 18. Nd3 Ba6 19. b4 Bc4 20. f4 a4 21. Rc1 b5
22. Bf1 Nb6 23. Qb2 Be7 24. Be1 f5 25. Be2 Bd6 26. Kg2 Rc7 27. Rc3 g5 28. Rac1
Rg7 29. Ne5 Bxe5 30. fxe5 g4 31. Bd1 Qg5 32. Qf2 Qh6 33. Kg1 Rf8 34. Bc2 Rc7
35. Bd1 Rfc8 36. Bd2 Qg7 37. Be1 Rd8 38. Qd2 Nd7 39. Qf2 Nf8 40. Qd2 h6 41. Qf2
Nh7 42. Be2 Ng5 43. Qg2 Rdc8 44. Bxc4 Rxc4 45. Rxc4 dxc4 46. Bc3 Qd7 47. Kf1
Kf7 48. Rd1 Ne4 49. Rc1 Qd5 50. Kg1 Rd8 51. Qb2 Ng5 52. Qe2 Nh3+ 53. Kf1 Qh1#
0-1

[Event "Olimpiada Dresden 2008 Femenina"]
[Site "Dresden GER"]
[Date "2008.11.16"]
[Round "4.24"]
[White "Novkovic, Julia"]
[Black "Parveen, Seyda Shabana"]
[Result "1/2-1/2"]
[WhiteElo "2161"]
[BlackElo "2079"]
[PlyCount "109"]
[EventDate "2008.11.13"]
[EventType "team-tourn"]
[EventRounds "11"]
[EventCountry "GER"]
[Source "lmi"]
[SourceDate "2008.11.13"]
[WhiteTeam "Austria"]
[BlackTeam "Bangladesh"]
[WhiteTeamCountry "AUT"]
[BlackTeamCountry "BAN"]

1. e4 c5 2. Nf3 d6 3. d4 cxd4 4. Nxd4 Nf6 5. Nc3 a6 6. Be2 e5 7. Nb3 Be7 8. O-O
O-O 9. Be3 Be6 10. Qd2 Nbd7 11. a4 Nb6 12. a5 Nc4 13. Bxc4 Bxc4 14. Rfd1 Qc7
15. Nc1 Rac8 16. Qe1 Qc6 17. Bg5 h6 18. Bxf6 Bxf6 19. Nd3 Be6 20. Nb4 Qc5 21.
Ncd5 Bd8 22. c3 Kh8 23. Qe3 Bxa5 24. Qxc5 dxc5 25. Nd3 Bxd5 26. exd5 e4 27. Ne5
Bc7 28. d6 Bb8 29. Rd5 Kg8 30. d7 Rcd8 31. Rad1 Bxe5 32. Rxe5 b6 33. Rxe4 Rb8
34. Rd6 Rfd8 35. Rxb6 Kf8 36. Rxb8 Rxb8 37. Re5 Rd8 38. Rxc5 Rxd7 39. g3 Rd2
40. b4 Rc2 41. Rc7 h5 42. h4 g6 43. Kg2 Kg7 44. Rc6 Kf8 45. c4 Ke7 46. Rc7+ Ke8
47. c5 Rc4 48. Rb7 Kf8 49. Kf3 Rc2 50. Ke3 Ke8 51. f3 Rc3+ 52. Ke4 Kf8 53. Ra7
Ke8 54. Rxa6 Rc4+ 55. Ke5 1/2-1/2

[Event "Olimpiada Dresden 2008 Femenina"]
[Site "Dresden GER"]
[Date "2008.11.16"]
[Round "4.24"]
[White "Parveen, Tanima"]
[Black "Newrkla, Katharina"]
[Result "1/2-1/2"]
[WhiteElo "2066"]
[BlackElo "2071"]
[PlyCount "101"]
[EventDate "2008.11.13"]
[EventType "team-tourn"]
[EventRounds "11"]
[EventCountry "GER"]
[Source "lmi"]
[SourceDate "2008.11.13"]
[WhiteTeam "Bangladesh"]
[BlackTeam "Austria"]
[WhiteTeamCountry "BAN"]
[BlackTeamCountry "AUT"]

1. e4 c5 2. Nf3 d6 3. d4 cxd4 4. Nxd4 Nf6 5. Nc3 g6 6. Be3 Bg7 7. f3 O-O 8. Qd2
Nc6 9. O-O-O d5 10. exd5 Nxd5 11. Nxc6 bxc6 12. Bd4 e5 13. Bc5 Be6 14. Ne4 Re8
15. g4 h6 16. h4 Qc7 17. g5 h5 18. Bc4 Red8 19. Qf2 Rd7 20. Rd2 Rad8 21. Rhd1
Qa5 22. Ba3 Kh8 23. Bb3 Bf5 24. Nc5 Rc7 25. Qe1 Kh7 26. c4 Bf8 27. Re2 Qb6 28.
Na4 Qb8 29. Bxf8 Rxf8 30. Rxe5 Nf4 31. Nc5 Qc8 32. Bc2 Bxc2 33. Kxc2 Rd8 34.
Rxd8 Qxd8 35. Qd2 Qxd2+ 36. Kxd2 Rc8 37. Re4 Rd8+ 38. Ke3 Ng2+ 39. Ke2 a5 40.
b3 f5 41. gxf6 Rf8 42. Kf2 Nxh4 43. Rxh4 Rxf6 44. Ne4 Rf5 45. f4 Rf8 46. Ke3
Rd8 47. Rh2 Rd1 48. Rd2 Re1+ 49. Kf3 Rf1+ 50. Nf2 Rg1 51. Rd1 1/2-1/2

[Event "Olimpiada Dresden 2008 Femenina"]
[Site "Dresden GER"]
[Date "2008.11.16"]
[Round "4.25"]
[White "Greeff, Melissa"]
[Black "Sahl, Sheila Barth"]
[Result "0-1"]
[WhiteElo "1963"]
[BlackElo "2219"]
[PlyCount "72"]
[EventDate "2008.11.13"]
[EventType "team-tourn"]
[EventRounds "11"]
[EventCountry "GER"]
[Source "lmi"]
[SourceDate "2008.11.13"]
[WhiteTeam "Sudáfrica"]
[BlackTeam "Noruega"]
[WhiteTeamCountry "RSA"]
[BlackTeamCountry "NOR"]

1. e4 c5 2. Nf3 d6 3. d4 cxd4 4. Nxd4 Nf6 5. Nc3 a6 6. Be3 e5 7. Nb3 Be6 8. f3
Be7 9. Qd2 h5 10. O-O-O Nbd7 11. Qf2 b5 12. Kb1 Rc8 13. Nd5 Bxd5 14. exd5 Qc7
15. g3 Bd8 16. Bg2 a5 17. h3 a4 18. Nc1 a3 19. Nb3 axb2 20. g4 Qb7 21. Kxb2 Bb6
22. Rhe1 Bxe3 23. Rxe3 Nb6 24. Red3 Na4+ 25. Kc1 Nc3 26. R1d2 Qa6 27. Rxc3 Rxc3
28. Kb2 b4 29. f4 Nd7 30. Bf1 Qa3+ 31. Kb1 O-O 32. Bb5 Ra8 33. Bxd7 Qxa2+ 34.
Kc1 Qxb3 35. Kd1 Ra1+ 36. Ke2 Qc4+ 0-1

[Event "Olimpiada Dresden 2008 Femenina"]
[Site "Dresden GER"]
[Date "2008.11.16"]
[Round "4.25"]
[White "Tjolsen, Katrine"]
[Black "Ellappen, Jenine"]
[Result "1-0"]
[WhiteElo "2110"]
[BlackElo "1917"]
[PlyCount "131"]
[EventDate "2008.11.13"]
[EventType "team-tourn"]
[EventRounds "11"]
[EventCountry "GER"]
[Source "lmi"]
[SourceDate "2008.11.13"]
[WhiteTeam "Noruega"]
[BlackTeam "Sudáfrica"]
[WhiteTeamCountry "NOR"]
[BlackTeamCountry "RSA"]

1. Nf3 Nf6 2. c4 c5 3. Nc3 Nc6 4. g3 d5 5. cxd5 Nxd5 6. Bg2 Nc7 7. O-O e5 8. d3
Be7 9. Nd2 Bd7 10. a4 O-O 11. Nc4 f6 12. f4 exf4 13. Bxf4 Kh8 14. Bxc7 Qxc7 15.
Nd5 Qd8 16. e3 Be8 17. Qe2 Bd6 18. Rac1 Qd7 19. Nc3 Be7 20. Ne4 Rd8 21. Rfd1
Bg6 22. Rd2 Rfe8 23. Rcd1 f5 24. Nc3 Bg5 25. Nd5 b6 26. Nf4 Bf7 27. Qf2 Bf6 28.
b3 Qc7 29. h3 a6 30. Qf3 Ne5 31. Qb7 Qxb7 32. Bxb7 a5 33. Kf2 g5 34. Ne2 Rb8
35. Ba6 Red8 36. Nxe5 Bxe5 37. Bc4 Bg6 38. Rf1 Rb7 39. Kg2 Re7 40. Nc1 Bc3 41.
Re2 Kg7 42. g4 fxg4 43. hxg4 Be8 44. Bb5 Bxb5 45. axb5 Kg6 46. Rf3 Ra8 47. Ra2
Rea7 48. Ne2 Bg7 49. Ra4 Rd7 50. d4 cxd4 51. exd4 Rad8 52. Rd3 Rd5 53. Rc4 h5
54. Rc6+ R5d6 55. gxh5+ Kf7 56. Kf3 Ke6 57. Ng3 Rxc6 58. bxc6 Kd5 59. Nf5 Bf6
60. Rc3 Rc8 61. c7 b5 62. Kg4 a4 63. bxa4 bxa4 64. Rc5+ Ke6 65. Rc6+ Kf7 66.
Nd6+ 1-0

[Event "Olimpiada Dresden 2008 Femenina"]
[Site "Dresden GER"]
[Date "2008.11.16"]
[Round "4.25"]
[White "Sischy, Monique Sian"]
[Black "Jorgensen, Line Jin"]
[Result "0-1"]
[WhiteElo "1965"]
[BlackElo "1946"]
[PlyCount "116"]
[EventDate "2008.11.13"]
[EventType "team-tourn"]
[EventRounds "11"]
[EventCountry "GER"]
[Source "lmi"]
[SourceDate "2008.11.13"]
[WhiteTeam "Sudáfrica"]
[BlackTeam "Noruega"]
[WhiteTeamCountry "RSA"]
[BlackTeamCountry "NOR"]

1. e4 e5 2. Bc4 Nc6 3. Nf3 Nf6 4. d3 Be7 5. O-O O-O 6. c3 d6 7. Nbd2 Nd7 8. Re1
Bf6 9. Nf1 g6 10. Bh6 Bg7 11. Qd2 Nb6 12. Bb3 Bg4 13. Bxg7 Kxg7 14. Ng5 Na5 15.
Bd1 Bxd1 16. Raxd1 h6 17. Nh3 Qe8 18. f4 f6 19. Ng3 c5 20. Nf2 Nc6 21. f5 g5
22. Qe2 Qf7 23. Nh5+ Kh7 24. b3 d5 25. Qg4 d4 26. c4 Rh8 27. Qh3 Kg8 28. Ng4
Nd7 29. a3 a5 30. Rf1 Kf8 31. Ra1 Ke7 32. Ra2 Ra6 33. Kf2 Kd8 34. Rb1 Kc7 35.
Kg1 Rb6 36. a4 Nb4 37. Rab2 Nxd3 38. Nhxf6 Nxf6 39. Nxf6 Nf4 40. Nd5+ Nxd5 41.
cxd5 Rb4 42. Rc2 b6 43. Qd3 Kb7 44. Rf1 Qf6 45. Rf3 h5 46. Rg3 g4 47. h3 Qh4
48. Rf2 Rf8 49. Kh2 Rf7 50. Qd2 d3 51. Qxd3 gxh3 52. gxh3 Rxe4 53. Qb5 Re3 54.
Rff3 Rxf3 55. Rxf3 e4 56. Rg3 Qf4 57. Qc6+ Ka7 58. f6 h4 0-1

[Event "Olimpiada Dresden 2008 Femenina"]
[Site "Dresden GER"]
[Date "2008.11.16"]
[Round "4.26"]
[White "Winkelmann, Elena"]
[Black "Dembo, Yelena"]
[Result "0-1"]
[WhiteElo "2096"]
[BlackElo "2446"]
[PlyCount "65"]
[EventDate "2008.11.13"]
[EventType "team-tourn"]
[EventRounds "11"]
[EventCountry "GER"]
[Source "lmi"]
[SourceDate "2008.11.13"]
[WhiteTeam "Alemania"]
[BlackTeam "Grecia"]
[WhiteTeamCountry "GER"]
[BlackTeamCountry "GRE"]

1. Nf3 Nf6 2. g3 g6 3. Bg2 Bg7 4. O-O O-O 5. c4 e6 6. Nc3 d5 7. d4 dxc4 8. Ne5
Nd5 9. Nxc4 Nc6 10. e3 b6 11. Bd2 Bb7 12. a3 Nxd4 13. Nxd5 Bxd5 14. exd4 Bxc4
15. Bxa8 Bxf1 16. Bc6 Qxd4 17. Bb4 Qxb2 18. Rb1 Be2 19. Rxb2 Bxd1 20. Rd2 Bb3
21. Bxf8 Bxf8 22. Rd3 Bc4 23. Rd8 Kg7 24. a4 Bd6 25. f4 Kf6 26. Kf2 e5 27.
fxe5+ Kxe5 28. Ke3 Bc5+ 29. Kf3 h5 30. h3 a6 31. g4 hxg4+ 32. hxg4 b5 33. axb5
0-1

[Event "Olimpiada Dresden 2008 Femenina"]
[Site "Dresden GER"]
[Date "2008.11.16"]
[Round "4.26"]
[White "Botsari, Anna-Maria"]
[Black "Steinbacher, Claudia"]
[Result "1-0"]
[WhiteElo "2308"]
[BlackElo "2203"]
[PlyCount "120"]
[EventDate "2008.11.13"]
[EventType "team-tourn"]
[EventRounds "11"]
[EventCountry "GER"]
[Source "lmi"]
[SourceDate "2008.11.13"]
[WhiteTeam "Grecia"]
[BlackTeam "Alemania"]
[WhiteTeamCountry "GRE"]
[BlackTeamCountry "GER"]

1. d4 Nf6 2. c4 e6 3. Nc3 Bb4 4. e3 O-O 5. Nge2 d5 6. a3 Be7 7. cxd5 exd5 8. b4
c6 9. Ng3 Bg4 10. f3 Be6 11. Bd3 Ne8 12. Qc2 g6 13. O-O f5 14. Nce2 Nd6 15. Bd2
Nd7 16. e4 fxe4 17. fxe4 dxe4 18. Nxe4 Rxf1+ 19. Rxf1 Nxe4 20. Bxe4 Bf7 21. Bf4
Nf6 22. Bd3 Nd5 23. Bc4 Bf6 24. Qe4 Qd7 25. Be5 Bxe5 26. dxe5 Re8 27. Nd4 Qe7
28. Re1 Be6 29. h3 Kg7 30. Nxe6+ Qxe6 31. b5 Qe7 32. bxc6 bxc6 33. Qd4 Rd8 34.
e6+ Nf6 35. Qe5 Qd6 36. Qxd6 Rxd6 37. Rb1 Nd5 38. Rb7+ Kf6 39. Rxh7 Rxe6 40.
Rxa7 Ke5 41. Ra6 Kd4 42. Bxd5 Kxd5 43. Kf2 Kc4 44. a4 Kd3 45. Kf3 Rf6+ 46. Kg3
Ke3 47. Rb6 Re6 48. a5 Kd4 49. a6 Kd5 50. a7 Re3+ 51. Kf4 Ra3 52. Rb7 c5 53.
Kg5 Ra6 54. g4 c4 55. Rc7 Kd4 56. h4 c3 57. h5 gxh5 58. gxh5 Kd3 59. h6 c2 60.
Rxc2 Ke4 1-0

[Event "Olimpiada Dresden 2008 Femenina"]
[Site "Dresden GER"]
[Date "2008.11.16"]
[Round "4.26"]
[White "Ulms, Sandra"]
[Black "Makropoulou, Marina"]
[Result "0-1"]
[WhiteElo "2160"]
[BlackElo "2265"]
[PlyCount "92"]
[EventDate "2008.11.13"]
[EventType "team-tourn"]
[EventRounds "11"]
[EventCountry "GER"]
[Source "lmi"]
[SourceDate "2008.11.13"]
[WhiteTeam "Alemania"]
[BlackTeam "Grecia"]
[WhiteTeamCountry "GER"]
[BlackTeamCountry "GRE"]

1. Nf3 Nf6 2. d4 d5 3. c4 c6 4. Nc3 a6 5. c5 g6 6. Bf4 Bg7 7. h3 O-O 8. e3 Nbd7
9. Be2 b5 10. cxb6 Qxb6 11. Qb3 Qxb3 12. axb3 c5 13. Ra5 cxd4 14. exd4 Bb7 15.
O-O e6 16. Rfa1 Nb8 17. R5a3 Rc8 18. Na4 Nfd7 19. Bd6 Nc6 20. Nc5 Nxd4 21. Nxb7
Nxe2+ 22. Kf1 Nd4 23. Nxd4 Bxd4 24. Rxa6 Rxa6 25. Rxa6 Rc2 26. Ra8+ Kg7 27. Rd8
Ne5 28. Bxe5+ Bxe5 29. Rd7 Bc7 30. f3 g5 31. b4 Kg6 32. b3 h5 33. g4 h4 34. Nd8
Bxd8 35. Rxd8 Rc3 36. Ke2 Rxb3 37. Rb8 Kf6 38. b5 Ke5 39. b6 Kf4 40. Rf8 Rxb6
41. Rxf7+ Kg3 42. f4 gxf4 43. g5 e5 44. Rf6 Rb2+ 45. Ke1 Kf3 46. g6 Rb1+ 0-1

[Event "Olimpiada Dresden 2008 Femenina"]
[Site "Dresden GER"]
[Date "2008.11.16"]
[Round "4.26"]
[White "Fakhiridou, Ekaterini"]
[Black "Osmanodja, Filiz"]
[Result "1-0"]
[WhiteElo "2248"]
[BlackElo "1939"]
[PlyCount "129"]
[EventDate "2008.11.13"]
[EventType "team-tourn"]
[EventRounds "11"]
[EventCountry "GER"]
[Source "lmi"]
[SourceDate "2008.11.13"]
[WhiteTeam "Grecia"]
[BlackTeam "Alemania"]
[WhiteTeamCountry "GRE"]
[BlackTeamCountry "GER"]

1. e4 c5 2. b3 Nc6 3. Bb2 d6 4. Bb5 Bd7 5. Ne2 Qb6 6. Nbc3 Nf6 7. d3 a6 8. Bxc6
Bxc6 9. O-O e6 10. a4 Be7 11. a5 Qc7 12. Ng3 O-O 13. f4 Nd7 14. Nce2 Bf6 15.
Bxf6 Nxf6 16. Kh1 Nd7 17. Qd2 f5 18. Ng1 d5 19. exf5 exf5 20. Rae1 g6 21. Re7
Rae8 22. Rfe1 Qd8 23. Rxe8 Rxe8 24. Nf3 d4 25. Ng5 Nf6 26. b4 cxb4 27. Qxb4 Nd5
28. Rxe8+ Qxe8 29. Qxd4 Qe1+ 30. Qg1 Qxg1+ 31. Kxg1 Nxf4 32. Nf3 Kf8 33. Kf2
Ba4 34. Nd4 Ke7 35. Nf1 Kd6 36. g3 Kc5 37. Nf3 Nd5 38. c4 Nb4 39. Ke3 Nc2+ 40.
Kf4 Nb4 41. Ke3 Nc6 42. Kd2 Nxa5 43. Kc3 b5 44. d4+ Kc6 45. Ne5+ Kc7 46. c5 Nc6
47. Nd3 a5 48. Nb2 b4+ 49. Kc4 Bc2 50. Ne3 Be4 51. d5 Na7 52. Nf1 g5 53. Nd2
Bg2 54. Nd3 h5 55. h4 gxh4 56. gxh4 b3 57. Nf4 Bh1 58. Kxb3 Nb5 59. Nc4 Nd4+
60. Ka4 Bf3 61. Ne5 Bd1+ 62. Kxa5 Nb3+ 63. Kb4 Nd2 64. d6+ Kd8 65. Ne6+ 1-0

[Event "Olimpiada Dresden 2008 Femenina"]
[Site "Dresden GER"]
[Date "2008.11.16"]
[Round "4.27"]
[White "Colombo, Camila"]
[Black "Dauletova, Gulmira"]
[Result "1/2-1/2"]
[WhiteElo "2071"]
[BlackElo "2253"]
[PlyCount "138"]
[EventDate "2008.11.13"]
[EventType "team-tourn"]
[EventRounds "11"]
[EventCountry "GER"]
[Source "lmi"]
[SourceDate "2008.11.13"]
[WhiteTeam "Uruguay"]
[BlackTeam "Kazajstán"]
[WhiteTeamCountry "URU"]
[BlackTeamCountry "KAZ"]

1. d4 Nf6 2. c4 g6 3. Nc3 Bg7 4. e4 d6 5. Bg5 O-O 6. Qd2 c5 7. d5 e6 8. O-O-O
Qa5 9. Bh6 exd5 10. cxd5 b5 11. Bxg7 Kxg7 12. Bxb5 Nbd7 13. Bxd7 Bxd7 14. f3
Rab8 15. Nge2 Rb4 16. Qe3 Rfb8 17. Rd2 Qb6 18. Nd1 Ba4 19. Qc3 Qa6 20. Ne3 Bb5
21. a3 Bxe2 22. Rxe2 Qxe2 23. axb4 cxb4 24. Qd4 b3 25. Qc3 Qa6 26. Kd2 Rc8 27.
Qxb3 Nd7 28. Rc1 Nc5 29. Qc3+ f6 30. Nc4 Qa2 31. Ke3 Nb3 32. Rc2 Na1 33. Rc1
Nb3 34. Rc2 Na5 35. b3 Qxb3 36. Qxb3 Nxb3 37. Rb2 Rxc4 38. Rxb3 Rc7 39. Ra3 Kf7
40. Kd4 Ke7 41. f4 Kd8 42. Ra6 Kd7 43. g4 Rb7 44. e5 Rb4+ 45. Kc3 Rxf4 46. e6+
Ke8 47. Rxd6 Rxg4 48. Ra6 Re4 49. Rxa7 f5 50. Kd3 h6 51. Rg7 Re1 52. Kd4 f4 53.
Kc5 g5 54. Kd6 Kf8 55. Rf7+ Kg8 56. Rf5 Kg7 57. e7 h5 58. Rf8 h4 59. e8=Q Rxe8
60. Rxe8 f3 61. Re5 Kf6 62. Re1 g4 63. Rf1 Kf5 64. Kc7 Kf4 65. d6 g3 66. hxg3+
hxg3 67. d7 g2 68. Ra1 f2 69. d8=Q Ke5 1/2-1/2

[Event "Olimpiada Dresden 2008 Femenina"]
[Site "Dresden GER"]
[Date "2008.11.16"]
[Round "4.27"]
[White "Nakhbayeva, Guliskhan"]
[Black "Silva, Natalia"]
[Result "1-0"]
[WhiteElo "2201"]
[BlackElo "2029"]
[PlyCount "66"]
[EventDate "2008.11.13"]
[EventType "team-tourn"]
[EventRounds "11"]
[EventCountry "GER"]
[Source "lmi"]
[SourceDate "2008.11.13"]
[WhiteTeam "Kazajstán"]
[BlackTeam "Uruguay"]
[WhiteTeamCountry "KAZ"]
[BlackTeamCountry "URU"]

1. e4 e5 2. Nf3 Nc6 3. d4 exd4 4. Nxd4 Bc5 5. Nxc6 Qf6 6. Qf3 bxc6 7. Nd2 d6 8.
Bd3 Qxf3 9. gxf3 Ne7 10. Nb3 Bb6 11. Be3 f5 12. c4 Bxe3 13. fxe3 O-O 14. Kf2 c5
15. Rhd1 Rb8 16. e5 dxe5 17. Rd2 e4 18. Be2 exf3 19. Bxf3 f4 20. Re1 fxe3+ 21.
Rxe3 Bg4 22. Nxc5 Ng6 23. Nd7 Rxf3+ 24. Rxf3 Bxd7 25. Rxd7 Ne5 26. Rd2 Nxf3 27.
Kxf3 Kf7 28. Rd7+ Ke6 29. Rxc7 Rxb2 30. Rxg7 Rxh2 31. Rxa7 Rc2 32. Rxh7 Rxc4
33. a4 Ke5 1-0